<?xml version="1.0" encoding="UTF-8"?>
<record
    xmlns:xsi="http://www.w3.org/2001/XMLSchema-instance"
    xsi:schemaLocation="http://www.loc.gov/MARC21/slim http://www.loc.gov/standards/marcxml/schema/MARC21slim.xsd"
    xmlns="http://www.loc.gov/MARC21/slim">

  <leader>03715aam a2200481 i 4500</leader>
  <controlfield tag="001">1559218</controlfield>
  <controlfield tag="003">CO-MdUADB</controlfield>
  <controlfield tag="005">20260508094357.0</controlfield>
  <controlfield tag="007">ta</controlfield>
  <controlfield tag="008">210629s1993    sp     gr       1   spa d</controlfield>
  <datafield tag="020" ind1=" " ind2=" ">
    <subfield code="a">8476583826</subfield>
    <subfield code="q">ISBN-10</subfield>
  </datafield>
  <datafield tag="020" ind1=" " ind2=" ">
    <subfield code="a">9788476583821</subfield>
    <subfield code="q">ISBN-13</subfield>
  </datafield>
  <datafield tag="035" ind1=" " ind2=" ">
    <subfield code="a">1559218</subfield>
  </datafield>
  <datafield tag="040" ind1=" " ind2=" ">
    <subfield code="e">rda</subfield>
    <subfield code="c">CO-MdUADB</subfield>
    <subfield code="a">CO-MdUADB</subfield>
    <subfield code="b">spa</subfield>
  </datafield>
  <datafield tag="041" ind1="1" ind2=" ">
    <subfield code="a">spa</subfield>
    <subfield code="a">lat</subfield>
    <subfield code="h">lat</subfield>
  </datafield>
  <datafield tag="082" ind1="7" ind2="4">
    <subfield code="a">186</subfield>
  </datafield>
  <datafield tag="100" ind1=" " ind2="0">
    <subfield code="a">Ficino, Marsilio,</subfield>
    <subfield code="d">1433-1499</subfield>
    <subfield code="0">(isni)0000 0001 2149 1468</subfield>
    <subfield code="0">(viaf)120697563</subfield>
    <subfield code="e">org</subfield>
    <subfield code="9">256294</subfield>
  </datafield>
  <datafield tag="245" ind1="1" ind2="0">
    <subfield code="a">Sobre el furor divino y otros textos</subfield>
  </datafield>
  <datafield tag="246" ind1="1" ind2="3">
    <subfield code="a">De divino furore</subfield>
  </datafield>
  <datafield tag="250" ind1=" " ind2=" ">
    <subfield code="a">Edici&#xF3;n biling&#xFC;e</subfield>
  </datafield>
  <datafield tag="264" ind1=" " ind2="1">
    <subfield code="a">Barcelona :</subfield>
    <subfield code="b">Anthropos,</subfield>
    <subfield code="c">1993</subfield>
  </datafield>
  <datafield tag="300" ind1=" " ind2=" ">
    <subfield code="a">xcviii, 105 p&#xE1;ginas ;</subfield>
    <subfield code="c">20 cm.</subfield>
  </datafield>
  <datafield tag="336" ind1=" " ind2=" ">
    <subfield code="a">texto</subfield>
    <subfield code="b">txt</subfield>
    <subfield code="2">rdacontent</subfield>
  </datafield>
  <datafield tag="337" ind1=" " ind2=" ">
    <subfield code="a">no mediado</subfield>
  </datafield>
  <datafield tag="338" ind1=" " ind2=" ">
    <subfield code="a">volumen</subfield>
  </datafield>
  <datafield tag="490" ind1="1" ind2=" ">
    <subfield code="a">(Cl&#xE1;sicos del Pensamiento y de las Ciencias ;</subfield>
    <subfield code="v">17)</subfield>
  </datafield>
  <datafield tag="500" ind1=" " ind2=" ">
    <subfield code="a">Incluye &#xED;ndice de nombres propios</subfield>
  </datafield>
  <datafield tag="500" ind1=" " ind2=" ">
    <subfield code="a">Incluye &#xED;ndice de materias</subfield>
  </datafield>
  <datafield tag="500" ind1=" " ind2=" ">
    <subfield code="a">BIBLIOTECA MARTA CECILIA V&#xC9;LEZ SALDARRIAGA : Con firma original de Marta Cecilia V&#xE9;lez Saldarriaga, Madrid, 1994 en portada, texto subrayado con l&#xE1;piz sin comentarios ni anotaciones.</subfield>
  </datafield>
  <datafield tag="500" ind1=" " ind2=" ">
    <subfield code="a">BIBLIOTECA MARTA CECILIA V&#xC9;LEZ SALDARRIAGA : Con Ex-Libris en la portada.</subfield>
  </datafield>
  <datafield tag="504" ind1=" " ind2=" ">
    <subfield code="a">Bibliograf&#xED;a : p&#xE1;ginas LXXXIII-XC</subfield>
  </datafield>
  <datafield tag="505" ind1="2" ind2=" ">
    <subfield code="t">Furor divino. Historia de un concepto de arte. --</subfield>
    <subfield code="t">El furor po&#xE9;tico seg&#xFA;n Marsilio Ficino: el furor divino plat&#xF3;nico a la luz del furor religioso de Hermes y san Pablo. --</subfield>
    <subfield code="t">Hay cuatro especies de furor divino, el amor es el m&#xE1;s excelente de todos. --</subfield>
    <subfield code="t">Sobre el furor divino. --</subfield>
    <subfield code="t">Ep&#xED;tome al Ion de Plat&#xF3;n, o "de la locura po&#xE9;tica", dedicado al magn&#xE1;nimo Lorenzo de M&#xE9;dicis. --</subfield>
    <subfield code="t">La verdadera poes&#xED;a procede de Dios y a Dios se dirige. --</subfield>
    <subfield code="t">El furor po&#xE9;tico procede de Dios. --</subfield>
    <subfield code="t">Sobre las cuatro especies del furor divino. --</subfield>
    <subfield code="t">Comentarios y temas del Fedro. --</subfield>
    <subfield code="t">Sobre el furor po&#xE9;tico y los dem&#xE1;s furores, y su orden, relaci&#xF3;n y utilidad. --</subfield>
    <subfield code="t">De qu&#xE9; modo los cuatro furores divinos est&#xE1;n rec&#xED;procamente unidos. --</subfield>
    <subfield code="t">Qu&#xE9; furor debe estar presente en los poetas. --</subfield>
    <subfield code="t">Debe embellecerse la prosa libre en formas po&#xE9;ticas y ritmo.</subfield>
  </datafield>
  <datafield tag="520" ind1="3" ind2=" ">
    <subfield code="a">Desde que la escuela de icon&#xF3;logos ingleses y franc&#xE9;s (Warburg, Panofsky, Gombrich, Wind y Chastel) destacara para el nacimiento y desarrollo del moderno concepto de arte la importancia del neoplatonismo de Marsilio Ficino, los estudios dedicados a este fil&#xF3;sofo se han multiplicado.
A partir de comentario de los textos de Plat&#xF3;n, los neoplat&#xF3;nicos helen&#xED;sticos (Plotino, J&#xE1;mblico, Porfirio, Proclo y el tard&#xED;o Psello), los Padres de la Iglesia (que hab&#xED;an sintetizado el pensamiento cristiano y el plat&#xF3;nico), y textos an&#xF3;nimos paganos de principios de nuestro era (a caballo entre la magia y filosof&#xED;as orientales y greco-helen&#xED;sticas como los Or&#xE1;culos Caldeos, Asclepio, Pimandro), Ficino forj&#xF3;, defini&#xF3; y caracteriz&#xF3; un  nuevo sentido de un antiguo concepto "creado" por Plat&#xF3;n, radicalmente distinto y fundamental para la teor&#xED;a del arte : el furor divino, convertido en la causa y el efecto del encuentro entre el artista - poeta y Dios&#x2026;(Resumen extra&#xED;do de la cubierta del libro)</subfield>
  </datafield>
  <datafield tag="546" ind1=" " ind2=" ">
    <subfield code="a">Texto biling&#xFC;e en espa&#xF1;ol y lat&#xED;n</subfield>
  </datafield>
  <datafield tag="650" ind1=" " ind2="7">
    <subfield code="a">Neoplatonismo</subfield>
    <subfield code="2">lemb</subfield>
    <subfield code="9">34278</subfield>
  </datafield>
  <datafield tag="650" ind1=" " ind2=" ">
    <subfield code="a">Eclecticismo</subfield>
    <subfield code="9">48351</subfield>
  </datafield>
  <datafield tag="650" ind1=" " ind2="7">
    <subfield code="a">Sincretismo (religi&#xF3;n)</subfield>
    <subfield code="2">lemb</subfield>
    <subfield code="9">18417</subfield>
  </datafield>
  <datafield tag="700" ind1=" " ind2="0">
    <subfield code="a">Azara, Pedro,</subfield>
    <subfield code="4">cre</subfield>
    <subfield code="e">com</subfield>
    <subfield code="e">win</subfield>
    <subfield code="9">481250</subfield>
  </datafield>
  <datafield tag="700" ind1=" " ind2="0">
    <subfield code="a">Maluquer de Motes, Juan,</subfield>
    <subfield code="e">trl</subfield>
    <subfield code="9">479110</subfield>
    <subfield code="d">1915-1988</subfield>
  </datafield>
  <datafield tag="700" ind1=" " ind2="0">
    <subfield code="a">Sainz Guerra, Jaime,</subfield>
    <subfield code="e">trl</subfield>
    <subfield code="9">712104</subfield>
  </datafield>
  <datafield tag="830" ind1=" " ind2=" ">
    <subfield code="9">855273</subfield>
    <subfield code="a">Textos y Documentos. Cl&#xE1;sicos del Pensamiento y de las Ciencias (Anthropos Editorial)</subfield>
    <subfield code="v">17</subfield>
  </datafield>
  <datafield tag="942" ind1=" " ind2=" ">
    <subfield code="c">BOOK</subfield>
    <subfield code="2">ddc</subfield>
  </datafield>
  <datafield tag="999" ind1=" " ind2=" ">
    <subfield code="c">831721</subfield>
    <subfield code="d">831721</subfield>
  </datafield>
  <datafield tag="952" ind1=" " ind2=" ">
    <subfield code="0">0</subfield>
    <subfield code="1">0</subfield>
    <subfield code="4">0</subfield>
    <subfield code="7">0</subfield>
    <subfield code="8">GEN</subfield>
    <subfield code="a">BC</subfield>
    <subfield code="b">BC</subfield>
    <subfield code="d">1996-10-04</subfield>
    <subfield code="i">C117748</subfield>
    <subfield code="l">0</subfield>
    <subfield code="o">186.4 F446s</subfield>
    <subfield code="p">61000000652079</subfield>
    <subfield code="r">2024-03-22 00:00:00</subfield>
    <subfield code="t">1</subfield>
    <subfield code="w">2023-04-20</subfield>
    <subfield code="y">BOOK</subfield>
  </datafield>
  <datafield tag="952" ind1=" " ind2=" ">
    <subfield code="0">0</subfield>
    <subfield code="1">0</subfield>
    <subfield code="2">ddc</subfield>
    <subfield code="4">0</subfield>
    <subfield code="7">0</subfield>
    <subfield code="8">FMCVS</subfield>
    <subfield code="a">CARME</subfield>
    <subfield code="b">CARME</subfield>
    <subfield code="d">2021-12-07</subfield>
    <subfield code="e">Material adquirido por donaci&#xF3;n</subfield>
    <subfield code="f">DONA</subfield>
    <subfield code="g">30000.00</subfield>
    <subfield code="i">C13318715</subfield>
    <subfield code="l">0</subfield>
    <subfield code="o">186.4 F446s</subfield>
    <subfield code="p">01052986</subfield>
    <subfield code="r">2025-01-21 00:00:00</subfield>
    <subfield code="t">1</subfield>
    <subfield code="w">2023-05-05</subfield>
    <subfield code="y">BOOK</subfield>
  </datafield>
</record>
